01522nam a22003734a 4500001001200000003000800012006001900020007001500039008004100054010001700095020003100112020002800143020001800171020001500189040002100204035002100225050002400246082001700270245015900287260004200446300002200488490004900510504005100559533015200610650002800762650003900790655002900829700002900858700002900887710001700916830007000933856012601003999001901129ebr10369815CaPaEBRm u cr cn|||||||||070510s2007 dcua sb i001 0 eng  z 2007019889 z9780821371992 (alk. paper) z0821371991 (alk. paper) z9780821372005 z0821372009 aCaPaEBRcCaPaEBR a(OCoLC)72805892414aLC1085b.M63 2007eb04a371.19/522200aMobilizing the private sector for public educationh[electronic resource] :ba view from the trenches /cHarry Anthony Patrinos, Shobhana Sosale, editors. aWashington, DC :bWorld Bank,cc2007. axi, 88 p. :bill.1 aDirections in development. Human development aIncludes bibliographical references and index. aElectronic reproduction.bPalo Alto, Calif. :cebrary,d2013.nAvailable via World Wide Web.nAccess may be limited to ebrary affiliated libraries. 0aBusiness and education. 0aPublic-private sector cooperation. 7aElectronic books.2local1 aPatrinos, Harry Anthony.1 aSosale, Shobhana,d1963-2 aebrary, Inc. 0aDirections in development (Washington, D.C.).pHuman development.40uhttp://site.ebrary.com/lib/rucke/Doc?id=10369815zAn electronic book accessible through the World Wide Web; click to view c110164d110164